| 000 | 01076nam a2200289 a 4500 | ||
|---|---|---|---|
| 001 | 58488 | ||
| 003 | BD-RjUL | ||
| 005 | 20211209080628.0 | ||
| 008 | 161218s1997 enka b 001 0 eng | ||
| 020 | _a041515054X (alk. paper) | ||
| 020 | _a0415150558 (pbk. : alk. paper) | ||
| 035 | _a(BD-RjUL)58612 | ||
| 040 |
_aDLC _cDLC _dDLC _beng |
||
| 041 | _aeng | ||
| 082 | 0 | 0 |
_a331.13794 _223 _bNEW 1997 |
| 245 | 0 | 4 |
_aThe new politics of unemployment : _bradical policy initiatives in Western Europe / _cedited by Hugh Compston. |
| 260 |
_aLondon ; _aNew York : _bRoutledge, _c1997. |
||
| 300 |
_axii, 222 p. : _bill. ; _c24 cm. |
||
| 504 | _aIncludes bibliographical references and index. | ||
| 650 | 0 |
_aFull employment policies _zEurope _xCase studies. _9173716 |
|
| 650 | 0 |
_aUnemployment _zEurope _xCase studies. _9173717 |
|
| 700 | 1 |
_aCompston, Hugh, _d1955- _9173718 |
|
| 856 | 4 | 2 |
_3Publisher description _uhttp://www.loc.gov/catdir/enhancements/fy0649/96026288-d.html |
| 942 |
_2ddc _cBK |
||
| 999 |
_c58488 _d58488 |
||